[Event "Lueneburg op-A"]
[Site "Lueneburg"]
[Date "2017.07.08"]
[Round "1"]
[White "Benard, Karl"]
[Black "Kiesel, Harald"]
[Result "0-1"]
[WhiteElo "1692"]
[BlackElo "2090"]
[PlyCount "77"]
[EventDate "2017.07.08"]
[EventType "swiss"]
[EventRounds "9"]
[EventCountry "GER"]
[SourceTitle "CBM 179 Extra"]
[Source "ChessBase"]
[SourceDate "2017.08.23"]
[SourceVersion "1"]
[SourceVersionDate "2017.08.23"]
[SourceQuality "1"]

1. e4 e6 2. d4 d5 3. exd5 exd5 4. Nf3 Nf6 5. Bg5 Be7 6. Be2 Bf5 7. 0-0 h6 8. Bh4 Nbd7 9. Re1 0-0 10. Nc3 Re8 11. Bd3 Bg4 12. h3 Bxf3 13. Qxf3 c6 14. Bg3 Nf8 15. Ne2 Ne6 16. c3 b5 17. Nf4 Ng5 18. Qd1 Nge4 19. Bh2 Bd6 20. f3 Ng5 21. Qd2 Qc7 22. h4 Ne6 23. g3 Nxf4 24. gxf4 Nh5 25. Re5 Bxe5 26. fxe5 Qe7 27. Qf2 g6 28. Re1 Ng7 29. Qg3 Kh8 30. Kf2 Nf5 31. Bxf5 gxf5 32. Qf4 Qe6 33. h5 Kh7 34. Bg3 Rg8 35. Bh4 a5 36. b4 axb4 37. cxb4 Rxa2+ 38. Ke3 Raa8 39. Bf6 0-1